000 00461nam a2200181Ia 4500
001 4816
005 20260306145822.0
008 260306t2006||||xx |||||||||||||| ||spa||
041 _aESP
082 _a330.153
_bS61
100 _aSmith, Adam
_eAUT
245 0 _aInvestigación sobre la naturaleza y causas de la riqueza de las naciones
260 _c2006
300 _a917 pƔginas :
_c24 cm.
650 _aGEN
654 _aCAN
942 _cLIB
_dJUS
_fJUS
_2ddc
_n
999 _c4816
_d4816